The Study Of Procedures Foer Land Management In Systematic Land Registration In Phnum Den Commune, Kirivong District, Takeo Province,ការសិក្សាអំពីនីតិវិធីនៃការរៀបចំដែនដី ក្នុងការចុះបញ្ចីដីធ្លី មានលក្ខណៈជាប្រព័ន្ធ នៅឃុំភ្នំដិន ស្រុកគិរីវង់ ខេត្តតាកែវ (Record no. 25332)

000 -LEADER
fixed length control field 00762nam a22001217a 4500
040 ## - CATALOGING SOURCE
Transcribing agency RUA
082 ## - DEWEY DECIMAL CLASSIFICATION NUMBER
Classification number LMA NAR 2024 B701 Or.1
100 ## - MAIN ENTRY--AUTHOR NAME
Personal name NARITH ERIC, ណារិទ្ធ អ៊ែរិក
245 ## - TITLE STATEMENT
Title The Study Of Procedures Foer Land Management In Systematic Land Registration In Phnum Den Commune, Kirivong District, Takeo Province,ការសិក្សាអំពីនីតិវិធីនៃការរៀបចំដែនដី ក្នុងការចុះបញ្ចីដីធ្លី មានលក្ខណៈជាប្រព័ន្ធ នៅឃុំភ្នំដិន ស្រុកគិរីវង់ ខេត្តតាកែវ
260 ## - PUBLICATION, DISTRIBUTION, ETC. (IMPRINT)
Place of publication PHNOM PENH
Name of publisher RUA
Year of publication 2024
300 ## - PHYSICAL DESCRIPTION
Number of Pages x,
Other physical details ill,
Dimensions 29cm,
942 ## - ADDED ENTRY ELEMENTS (KOHA)
Koha item type LMA
952 ## - LOCATION AND ITEM INFORMATION (KOHA)
Withdrawn status [LOCAL, KOHA] 0
952 ## - LOCATION AND ITEM INFORMATION (KOHA)
Withdrawn status [LOCAL, KOHA] 0
Holdings
Permanent Location Date acquired Koha item type Lost status Shelving location Barcode Current Location Full call number
Library Block B2025-06-23LMA B701A084131Library Block BLMA NAR 2024 B701 Or.1
Library Block B2025-06-23LMA B701A084120Library Block BLMA NAR 2024 B701 Or.2
មជ្ឈមណ្ឌលឯការនៃសាកលវិទ្យាល័យភូមិន្ទកសិកម្មចំការដូង

Powered by Koha